000
00329nam a2200145Ia 4500
008
210210b1953 xxu||||| |||| 00| 0 eng d
041
_a
eng
082
_a
331/163
100
_a
PARKER (J B)
245
_a
Banking
260
_a
London
_b
English Universities,
_c
1953
650
_a
Banking
690
_a
Banking
906
_a
004065
999
_c
122702
_d
122702